Statistiken für Städte im Heiligen Römischen Reich (Karte!)

Klicken Sie hier um das Quiz zu spielen!

Allgemein

  • Dieses Quiz wurde 161 mal gespielt
    (159 seit der letzten Aktualisierung)
  • Das Durchschnittsergebnis liegt bei 34 aus 40

Antworten auf der Karte

Die Antworten werden auf der Karte rot bzw. grün angezeigt, abhängig davon wie oft sie richtig erraten wurden.
 

Antwortstatistiken

PopulationCity% Korrekt
3 748 148Berlin
98%
1 841 179Hamburg
98%
1 085 664Köln
98%
1 471 508München
98%
2 856 133Rom
98%
1 911 728Wien
97%
873 555Amsterdam
96%
569 352Bremen
96%
1 208 542Brüssel
96%
554 649Dresden
96%
1 404 239Mailand
96%
1 324 277Prag
95%
753 056Frankfurt
94%
538 068Hannover
94%
587 857Leipzig
94%
634 830Stuttgart
94%
587 010Dortmund
91%
619 294Düsseldorf
91%
518 365Nürnberg
91%
651 870Rotterdam
90%
415 367Zürich
90%
378 839Florenz
85%
875 698Turin
85%
545 273Den Haag
84%
583 393Essen
84%
327 258Bonn
81%
498 590Duisburg
81%
580 097Genua
81%
515 695Lyon
80%
862 211Marseille
80%
525 935Antwerpen
77%
364 628Bochum
77%
313 092Karlsruhe
76%
314 319Münster
75%
333 786Bielefeld
73%
342 637Nizza
73%
390 636Bologna
69%
354 382Wuppertal
66%
357 676Utrecht
56%
381 346Brünn
54%

Verteilung der Resultate

Perzentil nach korrekt beantworteten Fragen

Anzahl Personen mit jedem Resultat

Ihre Resultats-Entwicklung

Sie haben dieses Quiz seit der letzten Aktualisierung nicht gespielt